Statistics for Victor Hugo Bibliography

Click here to take the quiz!

General Stats

  • This quiz has been taken 27 times
  • The average score is 5 of 66

Answer Stats

TypeYearName% Correct
Novel1862Les Misérables
86%
Novel1831The Hunchback of Notre-Dame
76%
Play1830Hernani
33%
Novel1874Ninety-Three
24%
Play1838Ruy Blas
24%
Novel1869The Man Who Laughs
24%
Play1833Marie Tudor
19%
Novella1829The Last Day of a Condemned Man
19%
Novel1826Bug-Jargal
14%
Play1827Cromwell
14%
Poetry Collection1856The Contemplations
14%
Novel1883Toilers of the Sea
14%
Novel1866Toilers of the Sea
14%
Play1835Angelo, Tyrant of Padua
10%
Short Story1834Claude Gueux
10%
Novel1823Hans of Iceland
10%
Play1843Les Burgraves
10%
Poetry Collection1829Les Orientales
10%
Play1833Lucrezia Borgia
10%
Play1831Marion de Lorme
10%
Travel Guide1842The Rhine
10%
Essay Collection1887Things Seen
10%
Essay1864William Shakespeare
10%
Travelogue1890Alps and Pyrenees
5%
Play1889Amy Robsart
5%
Poem1831Autumn Leaves
5%
Note Collection1998Conversations with Eternity
5%
Poem1891Dieu
5%
Libretto1836La Esmeralda
5%
Novel1902Last Gerbe
5%
Poetry Collection1824New Odes
5%
Poetry Collection1835Songs of the Half Light
5%
Play Collection1886Theater in Freedom
5%
Poem1886The End of Satan
5%
Poetry Collection1888The Whole Lyre
5%
Play1882Torquemada
5%
Travelogue1892Travelling. France and Belgium
5%
Essay1889Twins
5%
Non-Fiction Book1834A Blend of Literature and Philosophy
0%
Writings Collection1889Acts and Words, Volume 4: Since Exile 1876-1885
0%
Poetry Collection1840Beams and Shadows
0%
Poetry Collection1853Castigations
0%
Letter Collection1896Correspondences - Tome I
0%
Letter Collection1898Correspondences - Tome II
0%
Autobiography1875-1876Deeds and Words
0%
Essay1877-1878History of a Crime
0%
Poetry Collection1837Inner Voices
0%
Play1951L'Intervention
0%
Essay1874Mes Fils
0%
Pamphlet1852Napoleon the Small
0%
Poetry Collection1942Ocean. Pile of Stones
0%
Poetry Collection1828Odes and Ballads
0%
Essay1880Religions and Religion
0%
Poetry Collection1865Songs of Street and Wood
0%
Poetry Collection1877The Art of Being a Grandfather
0%
Essay1880The Donkey
0%
Poem1898The Fatal Years
0%
Poetry Collection1881The Four Winds of the Spirit
0%
Play1832The King Amuses Himself
0%
Poetry Collection1859The Legend of the Ages
0%
Poetry Collection1877The Legend of the Centuries
0%
Essay1878The Pope
0%
Poem1879The Supreme Confession
0%
Poetry Collection1872The Terrible Year
0%
Essay1867The Voice of Guernsey
0%
Play1934Thousand Francs Reward
0%

Score Distribution

Percentile by Number Answered

Percent of People with Each Score

Your Score History

You have not taken this quiz